| 000 | 00984cam a2200217 4500 | ||
|---|---|---|---|
| 001 | ABS65618 | ||
| 008 | 020701n2002 000 0 eng u | ||
| 035 | _a(Sirsi) u118621 | ||
| 100 | _aDonati, M. | ||
| 245 | _aPost-war solution to a 21st century problem | ||
| 260 | _c2002 | ||
| 490 |
_aPlanning (for the Natural and Built Environment) _v17 May 2002, 9(1) |
||
| 520 | _aDiscusses the housebuilding problem in the light of Lord Falconer's suggestion that a programme of prefabricated homes would be a useful solution. Argues that the homes are an innovative idea but are no cheaper to build than conventional homes. Expresses concern that public landowners often have a greater incentive to sell land and property to private developers than to donate it for affordable housing. | ||
| 590 | _aABS | ||
| 650 | _aHOUSING | ||
| 650 | _aMODULAR HOMES | ||
| 650 | _aPREFABRICATED HOMES | ||
| 650 | _aNATIONAL HOUSING FEDERATION | ||
| 690 | _aHOUSING-DEVELOPMENT | ||
| 942 | _n0 | ||
| 999 |
_c70640 _d70640 |
||